Chaîne de mots - Canada - Statistiques

Statistiques générales
  • Ce quiz a été pris 9 935 fois
  • Le résultat moyen est 12 sur 22
Statistiques - réponses
Indice Réponse % Correct
Province francophone Québec
99%
Attraction célèbre: Chutes du _______ Niagara
89%
Solution sucrée obtenue à partir de sève d'érable Sirop
89%
Sport national Hockey
88%
C'est un melon d'eau pour les Québécois Pastèque
82%
Ville la plus peuplée Toronto
77%
Anciennement Ville-Marie Montréal
68%
Mammifère carnivore plus répandu au Canada que n'importe où ailleurs Ours
67%
Ontario, Érié, Supérieur ... Lac
64%
Groupe ethnique autochtone de l'Arctique Inuit
60%
Grand poteau de bois à figures sculpté par les Autochtones Totem
56%
Nom du navigateur qui explora la précédente Cartier
54%
Fleuve qui relie les Grands Lacs à l'Atlantique Saint-Laurent
48%
Chaîne de montagnes à l'ouest Rocheuses
44%
Parti politique ou papier toilette? PQ
43%
Territoire à l'est de l'Alaska Yukon
39%
Sport qui se pratique à Whistler Ski
33%
Chaîne de montagnes au sud-est Appalaches
31%
Personnalité sur les billets de 20$ Élisabeth
30%
Capitale de l'Alberta Edmonton
28%
Colonie française de 1534 à 1763 Nouvelle-France
20%
Entre le secondaire et l'université Cégep
15%
Aucun quiz correspondant
Distribution des résultats
% des personnes avec chaque résultat
Percentile par nombre de réponses
Votre historique - résultats
Vous n’avez pas pris ce quiz